000 00761nam a2200205Ii 4500
003 JO-AjNU
008 230605s9999||||xx |||||||||||||| ||und||
017 _a2018/6/2758
040 _aJO-AjNU
_bara
_erda
_cJO-AjNU
041 _aara
050 1 4 _aBP63.J6.N78686.2019
100 3 _aخليفة،محمد عبد الرحمن؛ جمع وتحقيق وشرح وتحليل علي العتوم,
_eauthor
_959543
245 0 0 _aفرائد القلائد من كلمات ابي ماجد
264 3 1 _aعمان: دار عمار للنشر والتوزيع، 2018
300 _a563ص
336 _atext
_btxt
_2rdacontent
337 _aunmediated
_bn
_2rdamedia
338 _avolume
_bnc
_2rdacarrier
650 4 _aالحركات الاسلامية-الاردن
_959544
999 _aA26800
_c30368
_d30368